| 000 | 00000nam##2200000za#4500 |
| 001 | 9.639933 |
| 003 | CaOODSP |
| 005 | 20210624222424 |
| 007 | cr ||||||||||| |
| 008 | 150407|1999||||xxc|||||o f|0| 0 fre|d |
| 040 | |aCaOODSP|bfre |
| 043 | |an-cn--- |
| 086 | 1 |aSE1-2/1999-3F-PDF |
| 110 | 1 |aCanada.|bÉlections Canada. |bDirecteur général des élections du Canada. |
| 245 | 10|aRapport du directeur général des élections du Canada sur les élections partielles tenues le 15 novembre 1999 dans Hull--Aylmer, Mont-Royal, Saskatoon--Rosetown--Biggar, York-Ouest |h[ressource électronique] |
| 260 | |aOttawa - Ontario : |bÉlections Canada. |cc1999. |
| 300 | |a25p.|bfigure, tableaux |
| 500 | |aLe nº de catalogue (SE1-2/1999-3) et l'ISBN (0-662-64591X) de l'édition imprimée bilingue ont été incorrectement copiés dans cette édition électronique. |
| 590 | |a12-05-Supp|b2012-03-02 |
| 691 | 07|aÉlection partielle|2gcpds |
| 691 | 07|aSystème électoral|2gcpds |
| 775 | 08|tReport of the Chief Electoral Officer of Canada following the November 15, 1999 by-elections held in Hull--Aylmer, Mount Royal, Saskatoon--Rosetown--Biggar, York West |w(CaOODSP)9.695836 |
| 776 | 0#|tReport of the Chief Electoral Officer of Canada following the November 15, 1999 by-elections held in Hull--Aylmer, Mount Royal, Saskatoon--Rosetown--Biggar, York West.|w(CaOODSP)9.661435 |
| 776 | 0#|tRapport du directeur général des élections du Canada sur les élections partielles tenues le 15 novembre 1999 dans Hull--Aylmer, Mont-Royal, Saskatoon--Rosetown--Biggar, York-Ouest.|w(CaOODSP)9.661436 |
| 856 | 40|ahttp://publications.gc.ca|qPDF|s422 Ko|uhttps://publications.gc.ca/collections/Collection/SE1-2-1999-3F.pdf |
| 986 | |aEC 94313 |